| 000 -ლიდერი |
| ფიქსირებული სიგრძის საკონტროლო ველი |
01534nam a22002417a 4500 |
| 003 - საკონტროლო ნომრის იდენტიფიკატორი |
| საკონტროლო ველი |
Ge_BSU |
| 005 - ბოლო ოპერაციის თარიღი და დრო |
| საკონტროლო ველი |
20230329115425.0 |
| 008 - ფიქსირებული სიგრძის მონაცემთა ელემენტები - ზოგადი ინფორმაცია |
| ფიქსირებული სიგრძის საკონტროლო ველი |
230329s2014 ge ||||| |||| 00| 0 geo d |
| 041 ## - ენის კოდი |
| Language code of text/sound track or separate title |
geo |
| 080 ## - უნივერსალური ათობითი კლასიფიკაციის ინდექსი |
| Universal Decimal Classification number |
364 ს-36 |
| 245 ## - ცნობა სათაურის შესახებ |
| Title |
სახელმძღვანელო კურსისთვის : |
| Remainder of title |
სოციალური მუშაობა სისხლის სამართლის მართლმსაჯულების სფეროში / |
| Statement of responsibility, etc |
ავტორები: ენდრიუ ბერნჰარდტი, ანტონ ქელბაქიანი, სალომე ნამიჭეიშვილი, რანდელ ბაროუზი და სხვ.; რედ. ნინო ჯავახიშვილი. |
| 264 ## - წარმოების, გამოცემის, დისტრიბუციის და სხვა ცნობები |
| გამოცემის, წარმოების, დისტრიბუციის... ადგილი |
თბილისი, |
| გამოცემის, წარმოების, დისტრიბუციის... თარიღი |
2014. |
| 300 ## - ფიზიკური აღწერა |
| Extent |
198 გვ.; |
| Other physical details |
30 სმ. |
| 501 ## - შენიშვნა თანმხლებ მასალაზე |
| With note |
დანართი გვ. 195-198 |
| 653 ## - INDEX TERM--UNCONTROLLED |
| Uncontrolled term |
სოციალური მუშაობა |
| 653 ## - INDEX TERM--UNCONTROLLED |
| Uncontrolled term |
სამართალი |
| 700 ## - ADDED ENTRY--PERSONAL NAME |
| Personal name |
ბერნჰარდტი, ენდრიუ |
| Relator term |
ავტორი |
| 9 (RLIN) |
17322 |
| 700 ## - ADDED ENTRY--PERSONAL NAME |
| Personal name |
ქელბაქიანი, ანტონ |
| Relator term |
ავტორი |
| 9 (RLIN) |
17323 |
| 700 ## - ADDED ENTRY--PERSONAL NAME |
| Personal name |
ნამიჭეიშვილი, სალომე |
| Relator term |
ავტორი |
| 9 (RLIN) |
17324 |
| 700 ## - ADDED ENTRY--PERSONAL NAME |
| Personal name |
რანდელ ბაროუზი და სხვ. |
| Relator term |
ავტორი |
| 9 (RLIN) |
17325 |
| 700 ## - ADDED ENTRY--PERSONAL NAME |
| Personal name |
ჯავახიშვილი, ნინო |
| Relator term |
რედაქტორი |
| 9 (RLIN) |
6695 |
| 942 ## - ADDED ENTRY ELEMENTS (KOHA) |
| Source of classification or shelving scheme |
|
| Koha item type |
წიგნი |